• 首页
  • 本馆介绍
  • 公告通知
  • 最新文献
  • 馆藏检索
  • 电子资源
  • 读者荐购
  • 参考咨询
  • CALIS
  • 我的图书馆
  • 登录
  • 详细信息显示
  • 放入我的书架
  • 预约/预借图书
  • 作者相关作品
  • 分类相关作品
  • 丛书相关作品
  • 出版社相关作品

书目信息

  • 表格格式
  • 工作单格式
  • 卡片格式
题名:
2010考研英语历年真题解析与应试对策
    
 
作者: 韩鹏 主编
分册:  
出版信息: 北京   高等教育出版社  2009.02
页数: 229页
开本: 28cm
丛书名:
单 册:
中图分类: H319.3
科图分类:
主题词: 英语
电子资源:
ISBN: 978-7-04-026549-1
 
 
 
 
 
000 00698nam0 2200229 45
001 1137721496
005 20110617141248.53
010    @a978-7-04-026549-1@dCNY25.00
100    @a20090515d2009 ekmy0 y0120 ea
102    @aCN@b130000
102    @aCN@b110000
105    @ay z 000yy
200 1  @a2010考研英语历年真题解析与应试对策@A2010 kao yan ying yu li nian zhen ti jie xi yu ying shi dui ce@f韩鹏主编@Fhan peng zhu bian
210    @a北京@c高等教育出版社@d2009.02
210    @a北京@c高等教育出版社@d2009.02
215    @a229页@d28cm
606 0  @a英语
690    @aH319.3@v4
701  0 @a韩鹏@Ahan peng@4主编
801  0 @aCN@c20110617
905    @a10447@dH319.3@eH082
906    @d22@n5@r1
    
    2010考研英语历年真题解析与应试对策/韩鹏主编.-北京:高等教育出版社,2009.02.-北京:高等教育出版社,2009.02
    229页;28cm
    
    
    ISBN 978-7-04-026549-1:CNY25.00
    
●
相关链接 在E读中查询图书 在当当中查询图书 在豆瓣中查询图书


正题名:2010考研英语历年真题解析与应试对策     索取号:H319.3/H082         预约/预借

序号 登录号 条形码 馆藏地/架位号 状态 备注
1 465706   204657068   语言库209/209语言库 42排3列4层/ [索取号:H319.3/H082] 在馆    
河南城建学院图书馆 欢迎您!
大连网信软件有限公司© 版权所有